Loading...
| Mythology | 0 | 2 | 0 | 2 | 20 | 143 | 145.00 | 0 | 2 |
| Fine Arts - Other Fine Arts | 0 | 1 | 0 | 0 | 10 | 120 | 120.00 | 0 | 1 |
| Fine Arts - Visual Fine Arts | 0 | 1 | 0 | 1 | 10 | 146 | 146.00 | 0 | 1 |
| History - European History | 0 | 1 | 0 | 0 | 10 | 111 | 111.00 | 0 | 1 |
| History - World History | 0 | 1 | 0 | 0 | 10 | 143 | 143.00 | 0 | 0 |
| Literature - British Literature | 0 | 1 | 0 | 1 | 10 | 141 | 141.00 | 0 | 0 |
| Science - Physics | 0 | 1 | 0 | 1 | 10 | 130 | 130.00 | 1 | 1 |
| Fine Arts - Auditory Fine Arts | 0 | 1 | 1 | 0 | 5 | 157 | 157.00 | 0 | 1 |
| History - American History | 0 | 0 | 0 | 0 | 0 | 0.00 | 0 | 0 | |
| Philosophy | 0 | 0 | 0 | 0 | 0 | 0.00 | 0 | 0 | |
| Religion | 0 | 0 | 0 | 0 | 0 | 0.00 | 0 | 0 |